The Book of Mormon : (Record no. 3713)
[ view plain ]
| 000 -LEADER | |
|---|---|
| fixed length control field | 01003cam a2200253Ma 4500 |
| 001 - CONTROL NUMBER | |
| control field | 19574452 |
| 003 - CONTROL NUMBER IDENTIFIER | |
| control field | OCoLC |
| 005 - DATE AND TIME OF LATEST TRANSACTION | |
| control field | 20190325152244.0 |
| 008 - FIXED-LENGTH DATA ELEMENTS--GENERAL INFORMATION | |
| fixed length control field | 871013c19861981utuac 001 0 eng d |
| 040 ## - CATALOGING SOURCE | |
| Original cataloging agency | TEU |
| Transcribing agency | TEU |
| Modifying agency | JRD |
| -- | CIN |
| 082 ## - DEWEY DECIMAL CLASSIFICATION NUMBER | |
| Classification number | 289.32 |
| Item number | S642B |
| 130 0# - MAIN ENTRY--UNIFORM TITLE | |
| Uniform title | Book of Mormon |
| 245 14 - TITLE STATEMENT | |
| Title | The Book of Mormon : |
| Remainder of title | an account / |
| Statement of responsibility, etc. | written by the hand of Mormon upon plates taken from the plates of Nephi ; translated by Joseph Smith |
| 260 ## - PUBLICATION, DISTRIBUTION, ETC. | |
| Place of publication, distribution, etc. | Salt Lake City, Utah : |
| Name of publisher, distributor, etc. | The Church of Jesus Christ of Latter-Day Saints, |
| Date of publication, distribution, etc. | 1986, c1981 |
| 300 ## - PHYSICAL DESCRIPTION | |
| Extent | 779 p. : |
| Other physical details | col. ill., port. ; |
| Dimensions | 19 cm |
| 500 ## - GENERAL NOTE | |
| General note | Cover title: The book of Mormon : another testament of Jesus Christ |
| 500 ## - GENERAL NOTE | |
| General note | Includes index |
| 650 #0 - SUBJECT ADDED ENTRY--TOPICAL TERM | |
| Topical term or geographic name entry element | Mormon Church |
| General subdivision | Controversial literature |
| 700 10 - ADDED ENTRY--PERSONAL NAME | |
| Personal name | Smith, Joseph, |
| Titles and other words associated with a name | Jr., |
| Dates associated with a name | 1805-1844 |
| 710 20 - ADDED ENTRY--CORPORATE NAME | |
| Corporate name or jurisdiction name as entry element | Church of Jesus Christ of Latter-Day Saints |
| 740 41 - ADDED ENTRY--UNCONTROLLED RELATED/ANALYTICAL TITLE | |
| Uncontrolled related/analytical title | The book of Mormon : |
| Name of part/section of a work | another testament of Jesus Christ |
| 740 01 - ADDED ENTRY--UNCONTROLLED RELATED/ANALYTICAL TITLE | |
| Uncontrolled related/analytical title | Another testament of Jesus Christ |
| 942 ## - ADDED ENTRY ELEMENTS (KOHA) | |
| Source of classification or shelving scheme | Dewey Decimal Classification |
| Koha item type | Books |
| Withdrawn status | Lost status | Source of classification or shelving scheme | Damaged status | Not for loan | Collection code | Home library | Current library | Shelving location | Date acquired | Cost, normal purchase price | Total Checkouts | Full call number | Barcode | Date last seen | Price effective from | Koha item type |
|---|---|---|---|---|---|---|---|---|---|---|---|---|---|---|---|---|
| Dewey Decimal Classification | Non-fiction | Harvest Mission College | Harvest Mission College | General Stacks | 21.11.2018 | 530.00 | 289.32 S642B | 004287 | 21.11.2018 | 21.11.2018 | Books | |||||
| Dewey Decimal Classification | Non-fiction | Harvest Mission College | Harvest Mission College | General Stacks | 21.11.2018 | 530.00 | 289.32 S642B | 004286 | 22.11.2018 | 21.11.2018 | Books |
